Nuevos ensayos sobre el entendimiento humano

Salvato in:
Dettagli Bibliografici
Autore principale: Leibniz, Gottfried Wilhelm (autor)
Natura: Libro
Lingua:spagnolo
Pubblicazione: Madrid, España: Alianza, 1992
Serie:El libro de Bolsillo, 1599
Soggetti:
Tags: Aggiungi Tag
Nessun Tag, puoi essere il primo ad aggiungerne!!

MARC

LEADER 00000nam a2200000 a 4500
001 UCV9981
003 CL-VaPUC
005 20220822114321.0
008 930824e19920000SP |||||||||||||||||spa|d
999 |c 215245  |d 215243 
020 |a 84-206-0599-9 
040 |c Pontificia Universidad Católica de Valparaíso 
082 0 4 |a 121 LEI 1992  |2 22 
100 |a Leibniz, Gottfried Wilhelm   |e autor  |9 429654 
245 1 0 |a Nuevos ensayos sobre el entendimiento humano 
260 |a Madrid, España:  |b Alianza,  |c 1992 
300 |a 646 páginas. 
490 0 |a El libro de Bolsillo, 1599 
500 |a c.2- Donación Familia Prof. Alejandro Guzmán B.  
583 |a last modification  |c 19930824 00:00:00  |k Rodrigo Vera 
650 0 |a Teoría del conocimiento   |9 255038 
650 0 |a Monadología   |9 268988 
942 |c BK  |2 ddc  |n 0 
945 |d 19930824 00:00:00 
952 |0 0  |1 0  |4 0  |6 121_000000000000000_LEI_1992  |7 0  |8 P  |9 199305  |a BIBARQ  |b BIBARQ  |d 2019-11-14  |i 266612K  |o 121 LEI 1992  |p 266612K  |r 2025-01-20  |w 2019-11-14  |y BK  |k ARQ 
952 |0 0  |1 0  |2 ddc  |4 0  |6 121_000000000000000_LEI_1992  |7 1  |8 C_AGB  |9 579543  |a BIBDER  |b BIBDER  |d 2021-12-13  |e Donación   |i 5628679  |o 121 LEI 1992  |p 5628679  |r 2023-01-25  |t 2  |w 2021-12-13  |y BK_US  |k AGB